00603 a2200169 45000010006000000050017000060080041000230030015000640400040000790800052001192450040001712640032002113000032002435050121002750410008003961000029004045996320260407155852.0260407a1967 arg spa dAR-UNSa-BCEJYS aAR-UNSa-BCEJYSbspacAR-UNSa-BCEJYS a342xDerecho constitucional (Derecho Público)10aEl derecho constitucional del poder 1aBuenos Aires :bEDIARc1967 a2 v. (425 ; 476 p.)c23 cm. aVol. I: El derecho constitucional del poder comparado. El Congreso -- Vol. II: El Poder Ejecutivo. El Poder Judicial aspa1 aBidart Campos, German J.